000
00229nam a22000977a 4500
082
_a
891.4393
_b
WAQ
245
_a
وقت وقت کی بات ہے
300
_a
286p.
526
_a
0
_b
0
_c
0
_d
891_439300000000000_WAQ
942
_2
ddc
_c
BK
999
_c
550469
_d
550469